Frozen heat /

NYPD Homicide Detective Nikki Heat arrives at her latest crime scene to find an unidentified woman stabbed to death and stuffed inside a suitcase left on a Manhattan street. Nikki is in for a big shock when this new homicide connects to the unsolved murder of her own mother.

Bibliographic Details
Main Author: Castle, Richard
Corporate Author: Hyperion Audio (Firm)
Other Authors: Heller, Johnny
Format: CD Audio Book
Language:English
Published: [United States] : Hyperion Audio, [2012]
Subjects:

MARC

Tag First Indicator Second Indicator Subfields
LEADER 00000cim a2200000Ia 4500
001 in00002781135
005 20150922115126.0
007 sd fungnnmmneu
008 120608s2012 xxunnnn f n eng d
019 |a 778416441 
020 |a 9781401326302 
020 |a 1401326307 
024 3 |a 9781401326302 
035 |a (OCoLC)ocn794976703 
035 |a (OCoLC)794976703  |z (OCoLC)778416441 
040 |a LPU  |c LPU  |d BTCTA  |d BDX  |d TEF  |d EINCP  |d BLV  |d UtOrBLW 
043 |a n-us-ny 
049 |a TXAM 
050 4 |a PS3600.A1  |b F76 2012b 
082 0 4 |a 813/.6  |2 23 
100 1 |a Castle, Richard. 
245 1 0 |a Frozen heat /  |c Richard Castle. 
264 1 |a [United States] :  |b Hyperion Audio,  |c [2012] 
264 4 |c ℗2012 
300 |a 10 sound discs (11 hr.) :  |b digital ;  |c 4 3/4 in. 
336 |a spoken word  |b spw  |2 rdacontent 
337 |a audio  |b s  |2 rdamedia 
338 |a audio disc  |b sd  |2 rdacarrier 
511 0 |a Performed by Johnny Heller. 
500 |a Unabridged. 
500 |a Compact discs. 
520 |a NYPD Homicide Detective Nikki Heat arrives at her latest crime scene to find an unidentified woman stabbed to death and stuffed inside a suitcase left on a Manhattan street. Nikki is in for a big shock when this new homicide connects to the unsolved murder of her own mother. 
500 |a Sound recording. 
650 0 |a Policewomen  |z New York (State)  |z New York  |v Fiction. 
650 0 |a Murder  |x Investigation  |v Fiction. 
655 7 |a Mystery fiction.  |2 gsafd 
655 7 |a Audiobooks.  |2 lcgft 
700 1 |a Heller, Johnny. 
710 2 |a Hyperion Audio (Firm) 
730 0 |a Castle (Television program) 
948 |a cataloged  |b h  |c 2012/9/21  |d c  |e ceaton  |f 10:53:54 am 
994 |a C0  |b TXA 
999 |a MARS 
999 f f |s 86256d7c-c8aa-364d-b402-4ddfdc9ab822  |i 2eb785d5-df60-3a19-99df-bc085e3689bb  |t 0 
952 f f |p normal  |a Texas A&M University  |b College Station  |c Sterling C. Evans Library  |d Evans: Library Stacks  |t 0  |e PS3600.A1 F76 2012b  |h Library of Congress classification  |i audio -- audio disc  |m A14841524688 
998 f f |a PS3600.A1 F76 2012b  |t 0  |l Evans: Library Stacks